|
|
|
|
| LEADER |
01317nam a22003374a 4500 |
| 001 |
35295 |
| 003 |
BD-DhAAL |
| 005 |
20211129150631.0 |
| 008 |
000606s2001 enka b 001 0 eng |
| 999 |
|
|
|c 41222
|d 41222
|
| 010 |
|
|
|a 00055061
|
| 020 |
|
|
|a 0335205992
|
| 020 |
|
|
|a 0335205984 (pbk.)
|
| 040 |
|
|
|a DLC
|c DLC
|d DLC
|d BD-DhAAL
|
| 042 |
|
|
|a pcc
|
| 050 |
0 |
0 |
|a Q181
|b .W437 2001
|
| 082 |
0 |
0 |
|a 507.1
|2 21
|
| 100 |
1 |
|
|a Wellington, J. J.
|q (Jerry J.)
|9 34479
|
| 245 |
1 |
0 |
|a Language and literacy in science education /
|c Jerry Wellington and Jonathan Osborne.
|
| 260 |
|
|
|a Buckingham ;
|a Phildelphia :
|b Open University,
|c 2001.
|
| 300 |
|
|
|a vii, 152 pages :
|b illustrations ;
|c 23 cm.
|
| 504 |
|
|
|a Includes bibliographical references (p. [146]-150) and index.
|
| 526 |
|
|
|a BIED
|
| 541 |
|
|
|a Complimentary copy from BIED
|e 35295
|
| 650 |
|
0 |
|a Science
|x Study and teaching.
|9 34480
|
| 650 |
|
0 |
|a Science
|x Language.
|9 34481
|
| 650 |
|
0 |
|a Technical writing
|x Study and teaching.
|9 34482
|
| 700 |
1 |
|
|a Osborne, Jonathan.
|9 34483
|
| 852 |
|
|
|a Ayesha Abed Library
|c BIED Collection
|
| 942 |
|
|
|2 ddc
|c BK
|
| 952 |
|
|
|0 0
|1 0
|2 ddc
|4 0
|6 507_100000000000000_WEL
|7 0
|9 66271
|a BRACUL
|b BRACUL
|c GEN
|d 2019-09-12
|e Complimentary copy from BIED
|l 0
|o 507.1 WEL
|p 3010035295
|r 2019-09-12
|t 1
|w 2019-09-12
|y BK
|x Transferred from BIED to General Stacks
|